LEADER 01055nas a2200253 i 4500 001 000000171561 003 CaOOAMICUS 005 20080508000000.0 008 080430b1933 it uu u0 0ita r 013 $a148992 040 $aSeMil$bita 245 10$aAnno 1933. 260 $aMilano [etc.] :$bSocietà Anonima Editrice Dante Alighieri,$c12. [1933] 300 $aXI, 596 p. ;$c25 cm. 773 0 $tNuova Rivista Storica.$dMilano ; Roma ; Napoli : Società Editrice Dante Alighieri di Albrighi, Segati & C., 1917.$x0029-6236$w()2548 774 0 $tSommario del Volume 17., 1933.$w()268730 774 0 $tSettembre-Dicembre.$w()268731 774 0 $tMaggio-Agosto.$w()268732 774 0 $tGennaio-Aprile.$w()268733 850 $aSeMil 852 $aSeMil$W1$xVenegono$y1$m150 1 17$j122430$B122430$CSeMilBibl$Z2$F133946 $85 961 $aAcquisto: Dante Alighieri (Società Editrice) 996 $6245$aAnno 1933$9(OLS)http://semarc/title/214802 996 $6260$aMilano [etc.] :$bSocietà Anonima Editrice Dante Alighieri$9(OLS)http://semarc/publisher/43296 LEADER 00682nam a2200169 i 4500 001 000000230253 003 CaOOAMICUS 005 20140603000000.0 008 140603s1857 xx u000 u lat u 013 $a209155 040 $aSeMil$bita 245 10$aTomus 7. complectens commentaria in duodecim Prophetas Minores. 300 $a760 p. 773 0 $aCornelius : a Lapide $tCommentaria in Sacram Scripturam.$dNeapoli : apud I. Nagar, 1854-1859.$g7$w()30018 850 $aSeMil 852 $aSeMil$W1$xVenegono$y1$m2V V 7 FA$j180599$B180599$CSeMilBibl$Z2$F191586 $8I 996 $6245$aTomus 7. complectens commentaria in duodecim Prophetas Minores$9(OLS)http://semarc/title/329016